000 00491nam a2200181Ia 4500
001 4863
005 20260306145826.0
008 260306t1998||||xx |||||||||||||| ||spa||
041 _aESP
082 _a330.985
_bG67
100 _aGonzáles de Olarte, Efraín
_eAUT
245 0 _aEl neoliberalismo a la peruana:
_beconomía política del ajuste estructural, 1990-1997
260 _c1998
300 _a146 páginas :
_c20 cm.
650 _aGEN
654 _aCAN
942 _cLIB
_dJUS
_fJUS
_2ddc
_n
999 _c4863
_d4863